000 04198cam a2200469Li 4500
001 45728948
003 OCoLC
005 20250129125239.0
006 m o d
007 cr cn|
008 001009t19941994caua ob 001 0 eng d
020 _z0787902802
035 _a(OCoLC)45728948
040 _aN$T
_beng
_erda
_cN$T
_dOCL
_dOCLCQ
_dYDXCP
_dOCLCG
_dOCLCQ
_dEXW
_dOCLCQ
_dTUU
_dOCLCQ
_dTNF
_dTLS
_dNEG
_dOCLCO
072 7 _aSOC
_x026010
_2bisacsh
082 0 4 _a306.81
_bMAR 1
100 1 _aMarkman, Howard,
_d1950-
_0http://id.loc.gov/authorities/names/n93045054
245 1 0 _aFighting for your marriage :
_bpositive steps for preventing divorce and preserving a lasting love /
_cHoward Markman, Scott Stanley, Susan L. Blumberg ; with a foreword by Dean S. Edell.
250 _a1st ed
250 _a1st ed
264 1 _aSan Francisco :
_bJossey-Bass,
_c[1994]
264 4 _c©1994
300 _a(xv, 331 pages) :
_billustrations
336 _atext
_btxt
_2rdacontent
337 _acomputer
_bc
_2rdamedia
338 _aonline resource
_bcr
_2rdacarrier
340 _gpolychrome
_2rdacc
_0http://rdaregistry.info/termList/RDAColourContent/1003
504 _aIncludes bibliographical references (pages 321-324) and index
506 _aAvailable to OhioLINK libraries
520 1 _a"All you need is love, right? Wrong. The authors of Fighting for Your Marriage contend that conflict in intimate relationships is as normal and essential as love. How you fight and resolve conflicts determines the difference between a sustained healthy and satisfying marriage or endless pain, frustration, and often divorce. At a time when families are falling apart at alarming rates and with enormous social cost, we now have a research-based program to prevent relationship breakdown." "With a fresh and unique perspective, the authors combine their twenty years of university-based research and counseling experiences with thousands of couples - from newly engaged to veteran - to present the powerful, proven strategies of the highly acclaimed PREP (Prevention and Relationship Enhancement Program) approach for helping couples beat the odds and master the skills that can prevent marital distress and divorce. They reveal, for example, research that highlights the major difference between men and women in relationships - it's the way they fight - and how shared commitment is essential for fair fighting between partners." "At the end of each chapter, the authors provide engaging exercises for practicing sensible new tactics for dealing with minor irritations or tough and sensitive issues. Step by step, they describe how to establish ground rules that provide the safety and structure needed to handle issues well." "The authors offer wisdom, real-life examples, and specific guidance on how couples can enhance, fortify, or restore their fun, friendship, sensuality, and spirituality for a meaningful lifetime together."--BOOK JACKET
650 0 _aMarriage.
_0http://id.loc.gov/authorities/subjects/sh85081416
650 0 _aInterpersonal relations.
_0http://id.loc.gov/authorities/subjects/sh85067484
650 0 _aInterpersonal communication.
_0http://id.loc.gov/authorities/subjects/sh85067481
655 4 _aElectronic books.
700 1 _aStanley, Scott,
_d1955-
_0http://id.loc.gov/authorities/names/n94021421
700 1 _aBlumberg, Susan L.,
_d1959-
_0http://id.loc.gov/authorities/names/n94021422
710 2 _aOhio Library and Information Network.
_0http://id.loc.gov/authorities/names/no95058981
776 0 8 _iPrint version:
_aMarkman, Howard, 1950-
_tFighting for your marriage.
_b1st ed.
_dSan Francisco : Jossey-Bass, c1994
_z0787902802
_w(DLC) 94009277
_w(OCoLC)30027331
856 4 0 _3EBSCOhost (OhioLINK access limited to 1 user at a time. Try again later if not working.)
_uhttp://search.ebscohost.com/login.aspx?direct=true&scope=site&db=nlebk&db=nlabk&AN=26055
_zConnect to resource
856 4 0 _3EBSCOhost (OhioLINK access limited to 1 user at a time. Try again later if not working.)
_uhttps://go.ohiolink.edu/goto?url=http://search.ebscohost.com/login.aspx?direct=true&scope=site&db=nlebk&db=nlabk&AN=26055
_zConnect to resource (off-campus)
942 _2ddc
_cBK
_n0
999 _c10596
_d10596